Memoria presentada por la Junta Directiva a la Asamblea General de señores asociados en 27 de abril de 1913 / (Record no. 179980)

MARC details
000 -LEADER
campo de control de longitud fija 00737nam a2200181 i 4500
001 - NÚMERO DE CONTROL
campo de control 179980
003 - IDENTIFICADOR DE NÚMERO DE CONTROL
campo de control ES-MaACL
005 - FECHA Y HORA DE LA ÚLTIMA TRANSACCIÓN
campo de control 20230906220947.0
007 - CAMPO FIJO DE DESCRIPCIÓN FÍSICA--INFORMACIÓN GENERAL
campo de control de longitud fija t|
008 - DATOS DE LONGITUD FIJA--INFORMACIÓN GENERAL
campo de control de longitud fija 120312s1913 sp ||||1| spa d
080 ## - NÚMERO DE LA CLASIFICACIÓN DECIMAL UNIVERSAL
Número de la Clasificación Decimal Universal 631:061.231(460.224)(060.55)
110 0# - ENTRADA PRINCIPAL--NOMBRE DE ENTIDAD CORPORATIVA
Nombre de entidad corporativa o nombre de jurisdicción como elemento de entrada Asociacion de Labradores de Zaragoza y su Provincia.
9 (RLIN) 1610
245 10 - MENCIÓN DEL TÍTULO
Título Memoria presentada por la Junta Directiva a la Asamblea General de señores asociados en 27 de abril de 1913 /
Mención de responsabilidad, etc. Asociación de Labradores de Zaragoza y su Provincia.
260 ## - PUBLICACIÓN, DISTRIBUCIÓN, ETC.
Lugar de publicación, distribución, etc. Zaragoza :
Nombre del editor, distribuidor, etc. [s.n.],
Fecha de publicación, distribución, etc. 1913 (
Fabricante Tip. de G. Casañal)
300 ## - DESCRIPCIÓN FÍSICA
Extensión 35 p. [1] h. pleg. ;
Dimensiones 22 cm.
610 24 - PUNTO DE ACCESO ADICIONAL DE MATERIA--NOMBRE DE ENTIDAD CORPORATIVA
Nombre de entidad corporativa o nombre de jurisdicción como elemento de entrada Asociación de Labradores de Zaragoza y su Provincia-
Subdivisión de forma Memorias.
9 (RLIN) 149576
852 ## - LOCALIZACIÓN
Ubicación ES-MaACL
Número de control de estantería T-1399-F-4
Holdings
Estatus retirado Estado de pérdida Estado de daño No para préstamo Colección Biblioteca de origen Biblioteca actual Ubicación en estantería Fecha de adquisición Fuente de adquisición Total de préstamos Signatura topográfica completa Código de barras Visto por última vez Precio de reemplazo Tipo de ítem Koha
        Colección de folletos Biblioteca del Ateneo de Madrid Biblioteca del Ateneo de Madrid Depósito folletos 12/03/2012     T-1399-F-4 1189086 23/02/2023 23/02/2023 Folleto